000 01213nam a2200325Ia 4500
001 Z_7018
003 CHAP
005 20221124194147.0
008 220113s2017 xx 000 0 und d
010 _a170290
040 _cCHAP
090 _aTesis G66 2594
100 _aGonzález Pérez, Fernando
_949289
245 _aEvaluación de dos extensores en la criopreservación de semen de guajolote nativo (Meleagris galiopavo Linn) Fernando González Pérez
260 _aMéxico :
_bEl autor,
_c2017
300 _a44 p
502 _aTesis (Ingeniero Agrónomo Especialista en Zootecnia) -- UACh, 2017 \ Dirección: Elvia López Pérez; asesoría: Jorge Antonio González Santos y Carlos Guillermo Germán Alarcón
650 _aAlmacenamiento a 5° C.
_9146577
650 _aExtensores
_9146578
650 _aGuajolote nativo
_9146579
700 _a Germán Alarcón, Carlos Guillermo, asesor
_9143067
700 _a González Santos, Jorge Antonio, asesor
_9145807
700 _aLópez Pérez, Elvia, director
_9144494
856 4 2 _uhttp://10.13.5.2/tesis/sist113667.pdf
_yDescargar PDF
901 _aTESIS G66 2594
902 _aM
910 _a2017
942 _c2
_2ddc
942 _c2
_2ddc
999 _c170290
_d170290